| 000 | 00504nam a22001817a 4500 | ||
|---|---|---|---|
| 005 | 20250826081213.0 | ||
| 008 | 250826b |||||||| |||| 00| 0 eng d | ||
| 020 | _a9789364401166 | ||
| 040 |
_aIN-DiNC _cIN-DiNC |
||
| 041 | _deng | ||
| 082 |
_a327 _bGHA |
||
| 100 |
_aGhai, K K _eauthor |
||
| 245 |
_aPerspectives on international relations and world history (Major3)/ _cby K K Ghai |
||
| 260 |
_aLudhiana: _bKalyani, _c2020. |
||
| 300 | _a289p. | ||
| 650 | _aInternational relation | ||
| 942 |
_2ddc _cBK |
||
| 999 |
_c12195 _d12195 |
||